[Event "Panchavati op 2nd"]
[Site "Panchavati"]
[Date "2016.05.17"]
[Round "1"]
[White "Kalkar, Anurag"]
[Black "Gagare, Shardul"]
[Result "0-1"]
[WhiteElo "1163"]
[BlackElo "2514"]
[PlyCount "80"]
[EventDate "2016.05.17"]
[EventType "swiss"]
[EventRounds "10"]
[EventCountry "IND"]
[SourceTitle "CBM 172 Extra"]
[Source "ChessBase"]
[SourceDate "2016.06.21"]
[SourceVersion "1"]
[SourceVersionDate "2016.06.21"]
[SourceQuality "1"]

1. e4 e6 2. d4 d5 3. exd5 exd5 4. c3 Bd6 5. Bd3 Nc6 6. Nf3 Bg4 7. 0-0 Nge7 8. Bg5 Qd7 9. Nbd2 f6 10. Bh4 0-0-0 11. Qa4 Kb8 12. b4 Nxd4 13. Qxd7 Nxf3+ 14. Nxf3 Bxd7 15. Bg3 Bxg3 16. fxg3 h6 17. Nd4 Nc6 18. Nxc6+ Bxc6 19. Kf2 Rhe8 20. Rfe1 Re5 21. Re2 Rde8 22. Rae1 Bd7 23. c4 Rxe2+ 24. Rxe2 Rxe2+ 25. Kxe2 dxc4 26. Bxc4 c6 27. a4 Kc7 28. Ke3 Kd6 29. Kd4 Be6 30. Bf1 b6 31. a5 bxa5 32. bxa5 c5+ 33. Kc3 f5 34. Bd3 Ke5 35. Be2 Bd5 36. Bf1 g5 37. h3 f4 38. gxf4+ gxf4 39. Kd3 Kf5 40. Kd2 Ke4 0-1